Statistiques concernant Pays d'Europe en 1810

Cliquez ici pour prendre le quiz!

Statistiques générales

  • Ce quiz a été pris 166 fois
  • Le résultat moyen est 16 sur 37

Statistiques - réponses

RégionRéponse% Correct
France
99%
Russie
82%
Autriche
81%
Europe de l'OuestEspagne
81%
Portugal
78%
Suède
78%
Grande-Bretagne
76%
Prusse
73%
Europe du Nord et du Nord-OuestDanemark
72%
Suisse
70%
Pologne
67%
BalkansEmpire Ottoman
64%
ItalieEtats Pontificaux
60%
Italie
59%
Bavière
54%
Sicile
48%
Naples
46%
Saxe
46%
Bade
29%
Hospitaliers
29%
Monténégro
26%
Wurtemberg
26%
Hambourg
25%
Brême
24%
Moldavie
24%
Piémont-Sardaigne
20%
Westphalie
20%
Valachie
19%
Francfort
17%
GermanophonesAnhalt
13%
Lübeck
11%
Dantzig
10%
Mecklembourg
10%
Thuringe
10%
Europe de l'EstCircassie
6%
Wurzbourg
6%
Clèves
4%

Distribution des résultats

Percentile par nombre de réponses

% des personnes avec chaque résultat

Votre développement - résultats

Vous n’avez pas pris ce quiz